<?xml version="1.0" encoding="UTF-8"?>
<record
    xmlns:xsi="http://www.w3.org/2001/XMLSchema-instance"
    xsi:schemaLocation="http://www.loc.gov/MARC21/slim http://www.loc.gov/standards/marcxml/schema/MARC21slim.xsd"
    xmlns="http://www.loc.gov/MARC21/slim">

  <leader>07503cam a2200445 a 4500</leader>
  <datafield tag="999" ind1=" " ind2=" ">
    <subfield code="c">28298</subfield>
    <subfield code="d">28269</subfield>
  </datafield>
  <controlfield tag="001">15146250</controlfield>
  <controlfield tag="003">EG-ScBUE</controlfield>
  <controlfield tag="005">20200309114734.0</controlfield>
  <controlfield tag="008">080117s2008    coua     b    001 0 eng  </controlfield>
  <datafield tag="020" ind1=" " ind2=" ">
    <subfield code="a">9781594512704 (pbk)</subfield>
  </datafield>
  <datafield tag="035" ind1=" " ind2=" ">
    <subfield code="a">(OCoLC)181142806</subfield>
  </datafield>
  <datafield tag="035" ind1=" " ind2=" ">
    <subfield code="a">(OCoLC)ocn181142806</subfield>
  </datafield>
  <datafield tag="040" ind1=" " ind2=" ">
    <subfield code="a">DLC</subfield>
    <subfield code="b">eng</subfield>
    <subfield code="e">rda</subfield>
    <subfield code="c">DLC</subfield>
    <subfield code="d">BTCTA</subfield>
    <subfield code="d">BAKER</subfield>
    <subfield code="d">YDXCP</subfield>
    <subfield code="d">C#P</subfield>
    <subfield code="d">BWX</subfield>
    <subfield code="d">LMR</subfield>
    <subfield code="d">DLC</subfield>
    <subfield code="d">EG-ScBUE</subfield>
  </datafield>
  <datafield tag="082" ind1="0" ind2="4">
    <subfield code="a">301</subfield>
    <subfield code="b">ALE</subfield>
    <subfield code="2">22</subfield>
  </datafield>
  <datafield tag="100" ind1="1" ind2=" ">
    <subfield code="a">Alexander, Jeffrey C.,</subfield>
    <subfield code="d">1947-</subfield>
    <subfield code="e">author.</subfield>
  </datafield>
  <datafield tag="245" ind1="1" ind2="2">
    <subfield code="a">A contemporary introduction to sociology :</subfield>
    <subfield code="b">culture and society in transition /</subfield>
    <subfield code="c">Jeffrey C. Alexander, Kenneth Thompson ; with the assistance of Lisa McCormick [and five others]</subfield>
  </datafield>
  <datafield tag="264" ind1=" " ind2="1">
    <subfield code="a">Boulder :</subfield>
    <subfield code="b">Paradigm Publishers,</subfield>
    <subfield code="c">[2008]</subfield>
  </datafield>
  <datafield tag="264" ind1=" " ind2="4">
    <subfield code="c">c2008</subfield>
  </datafield>
  <datafield tag="300" ind1=" " ind2=" ">
    <subfield code="a">xx, 636 pages :</subfield>
    <subfield code="b">illustrations (some color) ;</subfield>
    <subfield code="c">24 cm</subfield>
  </datafield>
  <datafield tag="336" ind1=" " ind2=" ">
    <subfield code="2">rdacontent</subfield>
    <subfield code="a">text</subfield>
    <subfield code="b">txt</subfield>
  </datafield>
  <datafield tag="337" ind1=" " ind2=" ">
    <subfield code="2">rdamedia</subfield>
    <subfield code="a">unmediated</subfield>
    <subfield code="b">n</subfield>
  </datafield>
  <datafield tag="338" ind1=" " ind2=" ">
    <subfield code="2">rdacarrier</subfield>
    <subfield code="a">volume</subfield>
    <subfield code="b">nc</subfield>
  </datafield>
  <datafield tag="504" ind1=" " ind2=" ">
    <subfield code="a">Includes bibliographical references and index.</subfield>
  </datafield>
  <datafield tag="505" ind1="2" ind2=" ">
    <subfield code="a">Sociological stories -- The individual and the social -- The sociological imagination -- Society today: so what's new? -- How do we understand today's social world? -- Avoiding easy answers: theory and evidence? -- Conclusion -- Exercises -- Study questions -- Further reading -- Research methods -- Introduction -- Some key research terms -- Concepts and theories -- Methodology and methods -- Postmodernism, relativism, and research methods -- Research in the future -- Conclusion -- Exercises -- Study questions -- Further reading -- Culture -- Introduction -- An individual or a social story? -- Thinking sociologically about culture -- Postmodernity, globalization, and the cultural turn -- Conclusion -- Exercises -- Study questions -- Further reading.</subfield>
  </datafield>
  <datafield tag="505" ind1="2" ind2=" ">
    <subfield code="a">Media and communication -- Introduction -- An individual or a social story? -- The importance of the mass media -- The mass media-concepts and history -- Conclusion -- Exercises -- Study questions -- Further reading -- Socialization and the life cycle -- Introduction -- An individual or a sociological story? -- The paradox of socialization -- The "self" in history -- Creating the self -- Primary socialization: the family -- Secondary socialization -- Life stages and the life cycle -- Emotion work in postmodern life -- Conclusion -- Exercises -- Study questions -- Further reading -- Sexuality -- An individual or a social story? -- Naturalism versus constructivism -- Sexuality before modernity -- Modern sexuality -- Polluting non-procreative sex -- Underground sexual practices -- Sexuality in the postmodern transition -- Historical developments -- Sex today -- Exercises -- Study questions -- Further reading.</subfield>
  </datafield>
  <datafield tag="505" ind1="2" ind2=" ">
    <subfield code="a">Marriage and the family -- Introduction -- An individual or a sociological story? -- Marriage and family: the social forces of change -- Marriage from modern to postmodern society -- The modern family -- The postmodern family: emerging possibilities -- The conservative backlash -- A new consanguinity? -- Exercises -- Study questions -- Further reading -- Inequality -- Introduction -- An individual or a social story? -- Social stratification -- Social mobility -- Beliefs and attitudes -- Inequality: past, present and future -- Conclusion -- Exercises -- Study questions -- Further reading -- Gender -- Introduction -- An individual or sociological story? -- Gender at work -- Exploitation and violence -- Everyday culture and mass media -- Looking to the future - changing times -- Exercises -- Study questions -- Further reading.</subfield>
  </datafield>
  <datafield tag="505" ind1="2" ind2=" ">
    <subfield code="a">Race and ethnicity -- Introduction -- An individual or a social story? -- The social construction of ?race? and ?ethnicity? -- Minority group theory -- The great debate: origins of the racial underclass in america -- Conclusion -- Exercises -- Study questions -- Further reading -- Crime and deviance -- Introduction -- An individual or a social story? -- Defining and describing deviance and crime -- Theories of crime and deviance -- The future of crime and deviance in postmodern society -- Conclusion -- Exercises -- Study questions -- Further reading -- Work and the economy -- Introduction -- An individual or a social story? -- Structural and cultural dimensions of work and the economy -- Organization of work -- Conflict and control -- From modernity to postmodernity -- Conclusion -- Exercises -- Study questions -- Further reading -- Education -- Introduction -- An individual or a social story? -- Education and modernity -- Different perspectives on education -- Education in a multicultural, postmodern society -- Conclusion -- Exercises -- Study questions -- Further reading.</subfield>
  </datafield>
  <datafield tag="505" ind1="2" ind2=" ">
    <subfield code="a">Health and medicine -- Introduction -- An individual or a social story? -- Medicine, structure, and organization -- Social and cultural construction of health and medicine -- Social structure and inequalities -- Race, ethnicity, and gender -- Health and medicine in the twenty-first century -- Conclusion -- Exercises -- Study questions -- Further reading -- Religion -- Introduction -- An individual or a social story? -- What is religion? -- Religion, modernity and the secularization thesis -- Religion and cultural change -- Personal stories and ethnographies -- New age -- Public religion -- Cassie's story and the future of religion -- Exercises -- Study questions -- Further reading -- Urbanism and population -- Introduction -- An individual or a social story? -- The growth of cities -- Urban sociology in the twentieth century -- The city of the future-postmodern urbanism -- Population trends and the future -- Exercises -- Study questions -- Further reading -- Politics, publics, and the state -- An individual or a social story? -- States and impersonal power -- Pre-political societies -- Personal rule in traditional societies -- The origins of impersonal authority in modernity -- The rise of absolutist states -- States as bureaucracies -- States as servants of the collectivity -- States and domination -- The autonomy of the state -- Politics and personal power -- What is politics? -- Authority and legitimation -- Postmodern authority: charisma and culture -- Social power and politics -- The power behind the throne: the power elite? -- Does the economic elite control politics? -- Citizenship, publics, and the civil sphere -- Solidarity and public life -- Presidents and publics -- The struggle for full citizenship -- Political parties -- The discourse of decline -- The deepening of the civil sphere -- Exercises -- Study questions -- Further reading -- Social change, collective action and social movements -- Introduction -- An individual or a social story? -- Analyzing social change -- Defining and analyzing social change -- Industrial society -- Post-industrial society -- Information society, globalization, and social movements -- Globalization -- Conclusion -- Exercises -- Study questions -- Further reading -- Bibliography -- Index.</subfield>
  </datafield>
  <datafield tag="650" ind1=" " ind2="7">
    <subfield code="a">Sociology</subfield>
    <subfield code="x">Philosophy.</subfield>
    <subfield code="2">BUEsh</subfield>
  </datafield>
  <datafield tag="650" ind1=" " ind2="7">
    <subfield code="a">Sociology</subfield>
    <subfield code="x">History.</subfield>
    <subfield code="2">BUEsh</subfield>
  </datafield>
  <datafield tag="653" ind1=" " ind2=" ">
    <subfield code="b">GGEN</subfield>
    <subfield code="c">March2020</subfield>
  </datafield>
  <datafield tag="655" ind1=" " ind2=" ">
    <subfield code="v">Reading book</subfield>
    <subfield code="9">34232</subfield>
  </datafield>
  <datafield tag="700" ind1="1" ind2=" ">
    <subfield code="a">Thompson, Kenneth,</subfield>
    <subfield code="d">1937-</subfield>
    <subfield code="e">author.</subfield>
  </datafield>
  <datafield tag="700" ind1="1" ind2=" ">
    <subfield code="a">McCormick, Lisa,&#x200F;</subfield>
    <subfield code="d">1975-</subfield>
    <subfield code="e">author.</subfield>
  </datafield>
  <datafield tag="856" ind1="4" ind2="1">
    <subfield code="3">Table of contents only</subfield>
    <subfield code="u">http://www.loc.gov/catdir/toc/ecip089/2008001228.html</subfield>
  </datafield>
  <datafield tag="906" ind1=" " ind2=" ">
    <subfield code="a">7</subfield>
    <subfield code="b">cbc</subfield>
    <subfield code="c">orignew</subfield>
    <subfield code="d">1</subfield>
    <subfield code="e">ecip</subfield>
    <subfield code="f">20</subfield>
    <subfield code="g">y-gencatlg</subfield>
  </datafield>
  <datafield tag="942" ind1=" " ind2=" ">
    <subfield code="2">ddc</subfield>
    <subfield code="c">BB</subfield>
  </datafield>
  <datafield tag="952" ind1=" " ind2=" ">
    <subfield code="0">0</subfield>
    <subfield code="1">0</subfield>
    <subfield code="2">ddc</subfield>
    <subfield code="4">0</subfield>
    <subfield code="7">0</subfield>
    <subfield code="8">Baccah</subfield>
    <subfield code="a">MAIN</subfield>
    <subfield code="b">MAIN</subfield>
    <subfield code="c">1ST</subfield>
    <subfield code="d">2020-03-09</subfield>
    <subfield code="e">Purchase</subfield>
    <subfield code="l">0</subfield>
    <subfield code="o">301 ALE</subfield>
    <subfield code="p">000048961</subfield>
    <subfield code="r">2025-07-15 00:00:00</subfield>
    <subfield code="w">2020-03-09</subfield>
    <subfield code="y">BB</subfield>
  </datafield>
</record>
